Представление документа в формате RUSMARC

ПолеНазваниеЗначение
  Тип записи i
  Библиографический уровень m
001 Контрольный номер RU/IS/BASE/469019036
005 Дата корректировки 20201206204932.5
010 Индекс ISBN __
a ISBN 978-5-9677-1658-4 (в кор.)
d Цена 204-75
100 Данные общей обработки __
a Данные общей обработки 19141111d2011||||||| 0rusy0189 ca
101 Язык документа 0_
a Язык текста rus
102 Страна публикации __
a Страна публикации ru
105 Кодированные данные (монография) __
a Кодированные данные (монография) nn|||||||z|zy
127 Кодированные данные (звукозаписи-физические характеристики) __
a Продолжительность проигрывания 18 ч 18 мин
200 Заглавие и сведения об ответственности 1_
a Заглавие Мартин Иден
e Сведения, относящиеся к заглавию [роман : аудиокнига : 16+]
f Первые сведения об ответственности Джек Лондон ; [текст читает Илья Бобылев]
b Общее обозначение материала Звукозапись
210 Выходные данные __
a Место издания Москва
c Издательство 1С-Паблишинг
c Издательство Дистрибутор
d Дата издания 2011
215 Физическое описание __
a Объем 1 электрон. опт. диск (Audio CD)
c Иллюстрации/тип воспроизводства mp3, stereo
d Формат 12х14 см
225 Серия __
a Серия 1С: Аудиокниги
230 Специфическая характеристика материала: электронные ресурсы __
a Обозначение и объем ресурса Электронные звуковые данные
323 Примечание о главных создателях, исполнителях, участниках __
a Примечание о главных создателях, исполнителях, участниках Бобылев, И. (читает)
330 Аннотация __
a Аннотация Слушателем предлагается одно из самых читаемых произведений Джека Лондона. Жизненный путь героя этого романа сходен с тем, что прошел его автор. Молодой матрос, человек из самых низов, увлекшись девушкой из состоятельной буржуазной семьи, желает стать достойным ее и того прекрасного, по его представлению, мира, в котором она живет. Герой берется за самообразование, много читает и пишет сам. Свои рассказы, повести и стихи он рассылает в журналы, но его произведения отвергают. Возлюбленная оставляет неудачника… Благодаря железной воле, огромной трудоспособности и улыбнувшейся наконец-то удаче Мартин Иден становится известным и даже модным литератором. Но успех, которого он достиг, и благосклонность вернувшейся к нему женщины, которую он, как выясняется, не любит, оставляют героя равнодушным. Он успел убедиться, что мир, его манивший, мир, казавшийся ему прекрасным, - это мир торгашества и лицемерия, где творения художника - не более чем товар. Разочаровавшись в жизни, Мартин Иден решается на крайний шаг...
333 Примечание о целевом назначении __
a Примечание о целевом назначении 16+. Для детей старше 16 лет
337 Примечание о системных требованиях (электронные ресурсы) __
a Примечание о системных требованиях (электронные ресурсы) Системные требования: ПК: MS Windows ; Pentium 100 ; RAM 16Mb ; монитор SVGA, 800x600 ; CD/DVD-ROM ; звуковая карта ; колонки или наушники ; мышь или аудиосистемы с поддержкой формата МР3: муз. центр ; CD/DVD-плеер и т.д.
606 Тематические рубрики __
a Основная рубрика Художественная литература
606 Тематические рубрики __
a Основная рубрика Литература Америки (произведения)
y Географическая подрубрика США
610 Ключевые слова __
a Ключевые слова американская литература
a Ключевые слова биографическая проза
a Ключевые слова биографические романы
a Ключевые слова драмы
a Ключевые слова зарубежная литература
a Ключевые слова иностранная литература
a Ключевые слова романы
a Ключевые слова тема жизни
a Ключевые слова тема любви
686 Индексы других классификаций __
2 Код системы rubbks
a Классификационный индекс 84(7Сое)53-4я04
700 Автор _1
a Фамилия Лондон
b Имя Д.
g Полное личное имя Джек
4 Код отношения 070
801 Источник записи _0
a Страна ru
b Организация Муниципальное бюджетное учреждение культуры "Централизованная библиотечная система" г. Сургут (Центральная городская библиотека им. А. С. Пушкина)
c Дата составления 20141111
g Правила каталогизации КиК/Лукашук
801 Источник записи _1
a Страна ru
b Организация Муниципальное бюджетное учреждение культуры "Централизованная библиотечная система" г. Сургут (Центральная городская библиотека им. А. С. Пушкина)
c Дата составления 20141111
g Правила каталогизации КиК/Лукашук
852 Данные о местонахождении __
j Шифр хранения 84(7Сое)53-4я04
i Авторский знак Л 76
901 Тип документа __
t Тип документа 0
903 Характеристики (МАРС) __
a Дата передачи 20141111
969 Тип издания __
a Тип издания аудиокнига; издание для слепых
990 Данные о заказе (DOS) __
j Количество экземпляров (DOS) 3
t N записи в КСУ для И/У (DOS) 201411